The end of the church age...and after / (Record no. 8682)

MARC details
000 -LEADER
fixed length control field 00594nam a22001937a 4500
003 - CONTROL NUMBER IDENTIFIER
control field GBCCL
005 - DATE AND TIME OF LATEST TRANSACTION
control field 20241126110656.0
008 - FIXED-LENGTH DATA ELEMENTS--GENERAL INFORMATION
fixed length control field 210809b ||||| |||| 00| 0 eng d
040 ## - CATALOGING SOURCE
Transcribing agency GBC
082 ## - DEWEY DECIMAL CLASSIFICATION NUMBER
Classification number 236
Item number CAM
100 ## - MAIN ENTRY--PERSONAL NAME
Personal name Camping, Harold
9 (RLIN) 15334
245 ## - TITLE STATEMENT
Title The end of the church age...and after /
Statement of responsibility, etc. by Harold Camping.
260 ## - PUBLICATION, DISTRIBUTION, ETC.
Place of publication, distribution, etc. Oakland, Calif. :
Name of publisher, distributor, etc. Family Stations, Inc.,
Date of publication, distribution, etc. 2003, ©2002.
300 ## - PHYSICAL DESCRIPTION
Extent xxiii, 374 pages ;
Dimensions 23 cm
650 ## - SUBJECT ADDED ENTRY--TOPICAL TERM
Topical term or geographic name entry element Eschatology.
9 (RLIN) 2009
650 ## - SUBJECT ADDED ENTRY--TOPICAL TERM
Topical term or geographic name entry element End of the world.
9 (RLIN) 2039
650 ## - SUBJECT ADDED ENTRY--TOPICAL TERM
Topical term or geographic name entry element Tribulation (Christian eschatology)
9 (RLIN) 2041
942 ## - ADDED ENTRY ELEMENTS (KOHA)
Source of classification or shelving scheme Dewey Decimal Classification
Koha item type Books
Koha issues (borrowed), all copies 3
Holdings
Withdrawn status Lost status Source of classification or shelving scheme Damaged status Not for loan Home library Current Library Shelving location Date acquired Total checkouts Full call number Barcode Date last seen Date last checked out Copy number Price effective from Koha item type
    Dewey Decimal Classification     GRACE BIBLE COLLEGE GRACE BIBLE COLLEGE Theology 2021-08-09 3 236 CAM 020297 2025-05-01 2022-09-05 c.1 2021-08-09 Books
© Grace Bible College Library 2025